000 00314nam a2200133Ia 4500
008 230818s2006 xx 000 0 und d
041 _aeng
100 _aDix
245 _aFront office operation
260 _bPearson Education Pub.
_c2006
300 _a218p
520 _aGeneral
999 _c852293
_d852293
650 _aHotel Front office